De ley y de corazón : historia espistolar de una amistad: María Zambrano Alarcón--Pablo de Andrés Cobos : cartas (1957-1976) /
Saved in:
| Hovedforfatter: | |
|---|---|
| Andre forfattere: | , , , , |
| Format: | Electronisk eBog |
| Sprog: | spansk |
| Udgivet: |
Segovia : Madrid :
Caja Segovia, Obra Social y Cultural ; Servicio de Publicaciones de la Universidad Autónoma de Madrid,
c2011.
|
| Serier: | Colección de estudios (Universidad Autónoma de Madrid) ;
144. |
| Fag: | |
| Online adgang: | Digitalia Hispánica |
| Tags: |
Tilføj Tag
Ingen Tags, Vær først til at tagge denne postø!
|
MARC
| LEADER | 00000nam a2200000Ii 4500 | ||
|---|---|---|---|
| 001 | DIGUAM02144 | ||
| 003 | NyNyDIG | ||
| 006 | m o d | ||
| 007 | cr ||||||||||| | ||
| 008 | 130201s2011 sp a ob 001 0 spa d | ||
| 020 | |z 9788492432585 | ||
| 020 | |z 9788483441954 | ||
| 020 | |z 8492432586 | ||
| 035 | |a (OCoLC)843456893 | ||
| 040 | |a DGITA |b eng |e pn |c DGITA | ||
| 050 | 1 | 4 | |a PQ6647.A514 eBook |
| 100 | 1 | |a Zambrano, María. | |
| 245 | 1 | 0 | |a De ley y de corazón : |b historia espistolar de una amistad: María Zambrano Alarcón--Pablo de Andrés Cobos : cartas (1957-1976) / |c presentación, Emilio Lledó ; edición y prólogo, Soledad de Andrés Castellanos y José Luis Mora García ; estudio "Pablo de Andrés : biografía de un maestro machadiano" por Fernando Hermida de Blas. |
| 264 | 1 | |a Segovia : |b Caja Segovia, Obra Social y Cultural ; |a Madrid : |b Servicio de Publicaciones de la Universidad Autónoma de Madrid, |c c2011. | |
| 300 | |a 1 online resource (354 pages) : |b ill. | ||
| 336 | |a text |b txt |2 rdacontent | ||
| 337 | |a computer |b c |2 rdamedia | ||
| 338 | |a online resource |b cr |2 rdacarrier | ||
| 490 | 0 | |a Estudios ; |v 144 | |
| 504 | |a Includes bibliographical references (p. 343-354) and index. | ||
| 600 | 1 | 0 | |a Zambrano, María |v Correspondence. |
| 600 | 1 | 0 | |a Andrés Cobos, Pablo de, |d 1899-1973 |v Correspondence. |
| 655 | 0 | |a Electronic books. | |
| 700 | 1 | |a Andrés Cobos, Pablo de, |d 1899-1973. | |
| 700 | 1 | |a Lledó Iñigo, Emilio. | |
| 700 | 1 | |a Andrés, María Soledad de. | |
| 700 | 1 | |a Mora, José Luis |q (Mora García) | |
| 700 | 1 | |a Hermida de Blas, Fernando. | |
| 791 | 2 | |a Digitalia (Firm), |e distributor. | |
| 830 | 0 | |a Colección de estudios (Universidad Autónoma de Madrid) ; |v 144. | |
| 793 | 0 | |g Digitalia eBook Collection: |a Universidad Autónoma de Madrid. | |
| 856 | 4 | 0 | |3 Digitalia Hispánica |u https://digitalia.unach.elogim.com/a/12896/ |
| 910 | |a Premium Collection: 2007-2012 | ||